Statistiques concernant Personnages de séries !

Cliquez ici pour prendre le quiz!

Statistiques générales

  • Ce quiz a été pris 2 461 fois
  • Le résultat moyen est 20 sur 50

Statistiques - réponses

Personnages sériesSérie% Correct
TokyoLa casa de papel
89%
ElevenStranger Things
83%
Chandler BingFriends
80%
Walter WhiteBreaking Bad
76%
Meredith GreyGrey's Anatomy
76%
Michael ScofieldPrison Break
74%
Jon SnowGame of thrones
70%
Archie AndrewsRiverdale
70%
Bellamy BlakeThe 100
69%
Chuck BassGossip Girl
66%
Guzmán Nunier OsunaElite
65%
Stiles StilinskiTeen wolf
62%
Damon SalvatoreThe vampire diaries
62%
Dexter MorganDexter
61%
Clay Jensen13 reasons why
57%
Sheldon CooperThe Big Bang Theory
57%
Joe GoldbergYou
57%
Rick GrimesThe Walking Dead
55%
Gabrielle SolisDesperate Housewives
52%
Spencer HastingsPretty Little Liars
51%
Maeve WileySex Education
50%
Jessica JonesJessica Jones
43%
Barry AllenFlash
42%
Piper ChapmanOrange is the New Black
42%
Rory GilmoreGilmore Girls
41%
Annalise KeatingMurder
40%
Klaus MikealsonThe originals
38%
Rachel BerryGlee
33%
Tony SopranoLes Sopranos
33%
Vanya HargreevesUmbrella Academy
31%
Sabrina SpellmanLes nouvelles aventures de Sabrina
26%
Carrie BradshawSex and the city
23%
Olivia PopeScandal
22%
Dean WinchesterSupernatural
22%
Brooke DavisOne Tree Hill
21%
Mike RossSuits
20%
Fox MulderX-files
20%
Aaron HotchnerEsprits Criminels
18%
Cameron TuckerModern Family
16%
Walter O'brienScorpion
16%
Claire UnderwoodHouse of Cards
13%
Jessica DayNew girl
13%
Jamie FraserOutlander
13%
Jonas KahnwaldDark
8%
James FordLost
8%
AlyssaThe end of the fucking world
7%
Simone AndersenThe Rain
6%
Harry BinghamThe society
3%
Lidia AguilarLes demoiselles téléphones
1%
The Handmaid's TaleNick Blaine
0%

Distribution des résultats

Percentile par nombre de réponses

% des personnes avec chaque résultat

Votre développement - résultats

Vous n’avez pas pris ce quiz